Jacques a dit JetPunk (mort subite) - Statistiques

Statistiques générales
  • Ce quiz a été pris 123 fois
  • Le résultat moyen est 5 sur 6
Answers on the Grid
Answers color-coded by a green-red scale on the quiz's grid according to % correct below.
Jacques a dit : ne faites pas autant de quiz hétérotextuels même pour obtenir une étoile, ils sont de plus en plus rares !
Faites des quiz « Clicks » sur les canapés-lits pour que les clicks claquent !
Jacques a dit : continuez de créer des quiz en onglet, surtout si vous êtes boucher !
Changez la photo du poisson Jeppy, ce n’est pas son meilleur profil !
Jacques a dit : votez pour changer le nom de famille du poisson Jeppy (Sédanmonfroc lui cause du tort) !
Jacques a dit : faites plus de quiz de sélection de tuiles ; aucun risque qu’il y en ait une qui tombe sur votre tête !
Jacques a dit : continue de chercher des quiz de façon aléatoire ; en 2070, tu tomberas peut-être sur l’un des tiens !
Remerciez JetPunk de reverser 5 % de ses revenus à la plantation d'arbres, (même si ce n’est pas suggéré dans la déclaration des droits de l’orme) !
Jacques a dit : faites des quiz sur les boules de rampes d’escaliers, ils ne seront pas pris une seule fois !
Ne cherchez pas à obtenir une étoile à tout prix, cela ferait de vous quelqu’un qui pète plus haut que son Qcm !
 
Statistiques - réponses
Réponse % Correct
Jacques a dit : ne faites pas autant de quiz hétérotextuels même pour obtenir une étoile, ils sont de plus en plus rares !
94%
Jacques a dit : continue de chercher des quiz de façon aléatoire ; en 2070, tu tomberas peut-être sur l’un des tiens !
88%
Jacques a dit : faites des quiz sur les boules de rampes d’escaliers, ils ne seront pas pris une seule fois !
88%
Jacques a dit : votez pour changer le nom de famille du poisson Jeppy (Sédanmonfroc lui cause du tort) !
88%
Jacques a dit : continuez de créer des quiz en onglet, surtout si vous êtes boucher !
87%
Jacques a dit : faites plus de quiz de sélection de tuiles ; aucun risque qu’il y en ait une qui tombe sur votre tête !
87%
Aucun quiz correspondant
Distribution des résultats
% des personnes avec chaque résultat
Percentile par nombre de réponses
Votre historique - résultats
Vous n’avez pas pris ce quiz